[Event "Frankfurt-ch"]
[Site "Frankfurt"]
[Date "2005.06.13"]
[Round "7"]
[White "Busic, Nedjeljko"]
[Black "Norgiev, Juergen"]
[Result "0-1"]
[WhiteElo "1857"]
[BlackElo "1686"]
[PlyCount "52"]
[EventDate "2005.04.25"]
[EventType "swiss"]
[EventRounds "7"]
[EventCountry "GER"]
[SourceTitle "EXT 2006"]
[Source "ChessBase"]
[SourceDate "2005.11.24"]
[SourceVersion "1"]
[SourceVersionDate "2005.11.24"]
[SourceQuality "1"]

1. e4 c5 2. Nf3 Nc6 3. d4 cxd4 4. Nxd4 Nf6 5. Nc3 a6 6. Be3 Qc7 7. Be2 e6 8. a3 Be7 9. 0-0 b5 10. Nxc6 dxc6 11. f4 0-0 12. g4 Rd8 13. Qe1 c5 14. g5 Ne8 15. Qf2 Bb7 16. Rae1 Rac8 17. f5 exf5 18. Qxf5 Bf8 19. e5 g6 20. Qf4 Ng7 21. Bf3 Ne6 22. Qh4 Bxf3 23. Rxf3 Qxe5 24. Ne4 Bg7 25. Nf6+ Bxf6 26. Rxf6 Rd7 0-1

[Event "Karl Mala Memorial op 08th"]
[Site "Frankfurt"]
[Date "2004.07.24"]
[Round "4"]
[White "Norgiev, Juergen"]
[Black "Herges, Udo"]
[Result "0-1"]
[WhiteElo "1715"]
[BlackElo "1994"]
[PlyCount "68"]
[EventDate "2004.07.22"]
[EventType "swiss"]
[EventRounds "7"]
[EventCountry "GER"]
[SourceTitle "EXT 2005"]
[Source "ChessBase"]
[SourceDate "2004.11.15"]
[SourceVersion "1"]
[SourceVersionDate "2004.11.15"]
[SourceQuality "1"]

1. Nf3 d6 2. d4 Nd7 3. Bf4 g6 4. Nbd2 Bg7 5. e3 e5 6. Bg5 Ne7 7. Bb5 c6 8. dxe5 Nxe5 9. Be2 Nxf3+ 10. Nxf3 Bxb2 11. 0-0 0-0 12. Nd4 Bxa1 13. Qxa1 f6 14. Bh4 Nf5 15. Nxf5 Bxf5 16. Qb2 Qe7 17. Rd1 d5 18. c4 Be6 19. Bg3 Rad8 20. Rc1 dxc4 21. h3 b5 22. a3 Bf5 23. Qc3 Rd7 24. Bf3 Be4 25. Be2 Rfd8 26. Bh4 Kf7 27. a4 Bd3 28. Bf3 b4 29. Qb2 c5 30. Bc6 c3 31. Qa2+ Qe6 32. Qxe6+ Kxe6 33. Bxd7+ Rxd7 34. f3 b3 0-1

[Event "Karl Mala Memorial op 08th"]
[Site "Frankfurt"]
[Date "2004.07.22"]
[Round "1"]
[White "Peter, Falco"]
[Black "Norgiev, Juergen"]
[Result "1-0"]
[WhiteElo "1094"]
[BlackElo "1715"]
[PlyCount "111"]
[EventDate "2004.07.22"]
[EventType "swiss"]
[EventRounds "7"]
[EventCountry "GER"]
[SourceTitle "EXT 2005"]
[Source "ChessBase"]
[SourceDate "2004.11.15"]
[SourceVersion "1"]
[SourceVersionDate "2004.11.15"]
[SourceQuality "1"]

1. b3 d5 2. Nf3 Nf6 3. Bb2 Bf5 4. e3 Nbd7 5. c4 e6 6. Be2 h6 7. 0-0 Be7 8. Nc3 0-0 9. Na4 a6 10. Rc1 dxc4 11. bxc4 c6 12. c5 Qc7 13. Qb3 Bg4 14. Bxf6 Bxf6 15. Nb6 Nxb6 16. cxb6 Qd7 17. Rfd1 Rfd8 18. d3 Qd5 19. Rc4 Rd7 20. Rxg4 Qxb3 21. axb3 a5 22. Nd2 Ra6 23. Nc4 Bd8 24. Rd4 Rxd4 25. exd4 Bxb6 26. Nd6 Bxd4 27. Nxb7 Kf8 28. g3 Ke7 29. Rc1 Ra7 30. Nc5 f5 31. Kg2 Kd6 32. Na4 Rb7 33. Bd1 Rf7 34. Bf3 Rc7 35. Rc4 e5 36. h3 Rc8 37. b4 axb4 38. Rxb4 Ra8 39. Rc4 Ra6 40. Nc3 Kd7 41. Nd1 c5 42. g4 g6 43. Ne3 Ke6 44. Rc2 Ra3 45. Bd5+ Kf6 46. Bc4 Kg5 47. Kf3 e4+ 48. dxe4 fxe4+ 49. Kxe4 Kh4 50. Bf1 Ra1 51. Ng2+ Kxh3 52. Nf4+ Kxg4 53. f3+ Kh4 54. Rh2+ Kg3 55. Rg2+ Kh4 56. Rg4# 1-0